| 000 | 01110nam a22002777a 4500 | ||
|---|---|---|---|
| 999 |
_c113128 _d113128 |
||
| 003 | dpl | ||
| 005 | 20190123133558.0 | ||
| 008 | 190123b ||||| |||| 00| 0 eng d | ||
| 010 | _aB-051146 | ||
| 020 |
_c150.00 _a8186480676 |
||
| 035 | _aB-051146, B-051150 | ||
| 037 | _bCen Lib/Ret | ||
| 040 |
_aDPL _bHN _c0 |
||
| 082 |
_a821 _bविजेंद्र |
||
| 100 |
_aविजेंद्र _9142292 |
||
| 245 |
_aघना के पांखी : _cविजेंद्र _bकाव्य संग्रह / |
||
| 246 |
_aGhana ke panhki :kavya sangrah _bby Vijendra |
||
| 260 |
_aनई दिल्ली _bसार्थक प्रकाशन _c2000 |
||
| 270 |
_a100-ए,गौतम नगर _bनई दिल्ली _e110049 |
||
| 300 |
_a144पृष्ठ. _c21सेमी (सजिल्द) |
||
| 650 |
_aहिंदी साहित्य _9142293 |
||
| 650 |
_aहिंदी काव्य _9142294 |
||
| 650 |
_ahindi literature _9142295 |
||
| 650 |
_ahindi poetry _9142296 |
||
| 942 |
_2ddc _cHN _h821 _mविजेंद्र |
||